000 00627nam a22002057a 4500
003 OSt
005 20140310183114.0
008 130415t xxu||||| |||| 00| 0 eng d
020 _a9715061338
050 _aR724
_b.G633 2001
082 _aFIL 174.2
_bF76 2001
245 _aJustice, patient's rights, psychoethics /
_cGomez, Fausto B., Anniela Yu-Soliven ed.
260 _aManila :
_bDepartment of Bioethics, Faculty of Medicine and Surgery,University of Santo Tomas,
_c2001
300 _axvii,203p. :
_c24 cm.
521 _aCollege
526 _c1210L-1700L
541 _j1
562 _e1
942 _2lcc
_cBK
999 _c18876
_d18876